000 00712nam a2200229Ia 4500
003 OSt
005 20221007064352.0
006 a|||||r|||| 00| 0
007 ta
008 221006b |||||||| |||| 00| 0 eng d
024 _a46,046
037 _cTextual
040 _aFLL
_cFLL
_beng
041 _2eng
_aeng
082 _aD65,8(B):(Z2), Q9
100 _aGUSAI Om Prakash Au.
_9685705
245 0 _aConcept building approach to cybercrime and cyber laws
_b Indian and International perspective
260 _aDelhi
_bCengage Learning India Pvt. Ltd. India
_c2019
300 _aix,202p.
_ccm.
942 _hD65,8(B):(Z2), Q9
_cTEXL
_2CC
999 _c1133816
_d1133816